Normal view
MARC view
- Art, Modern
Entry Topical Term
001 - CONTROL NUMBER
- control field: 35800
003 - CONTROL NUMBER IDENTIFIER
- control field: OSt
005 - DATE AND TIME OF LATEST TRANSACTION
- control field: 20140327130615.0
008 - FIXED-LENGTH DATA ELEMENTS
- fixed length control field: 140327|| aca||babn | a|a d
040 ## - CATALOGING SOURCE
- Original cataloging agency: OSt
150 #0 - HEADING--TOPICAL TERM
- Topical term or geographic name as entry element: Art, Modern
- Chronological subdivision: 19th-20th centuries